| 000 | 01325nam a2200277 i 4500 | ||
|---|---|---|---|
| 001 | 169829 | ||
| 003 | ES-MaACL | ||
| 005 | 20250927110308.0 | ||
| 008 | 081203s1822 fr |||| | fre d | ||
| 080 | _a821.133.1-293 | ||
| 245 | 0 | 0 |
_aSuite du répertoire du théâtre français, avec un choix des pièces de plusieurs autres théâtres. _pOpéras comiques en prose. _nIV / _carrangées et mises en ordre par M. Lepeintre. |
| 260 |
_aParis : _bMme Veuve Dabo, _c1822 ( _fSenlis) |
||
| 300 |
_a354 p. ; _c14 cm. |
||
| 490 | 1 |
_aSuite du répertoire du théatre français ; _v59 |
|
| 500 | _aÍndice. | ||
| 500 | _aEnc. con: Suite du répertoire du théâtre français ; 60. | ||
| 505 | 8 |
_aContiene: ; _tLes deux chasseurs et la laitière / _rpar Anseaume. -- _tL'amoureux de quinze ans / _rpar Laujon. -- _tL'erreur d'un moment ; Blaise et Babet ; Alexis et Justine / _rpar Monvel. |
|
| 597 | _a2 tomos en 1 v. | ||
| 700 | 1 |
_aAnseaume, Louis. _9138995 |
|
| 700 | 1 |
_aLaujon, Pierre. _9138996 |
|
| 700 | 1 |
_aBoutet de Monvel, Jacques-Marie. _9138997 |
|
| 700 | 1 |
_aLepeintre-Desroches, Pierre-Marie-Michel, _d1785-1847 _9138972 |
|
| 830 | 0 |
_aSuite du répertoire du théatre français ; _v59 _9188890 |
|
| 852 | 4 |
_aES-MaACL _jE-12315(1) _9R.190455 _z- Biblioteca Jacinto Martínez Lacalle |
|
| 999 |
_c169829 _d169829 |
||